|
|
|
|
| LEADER |
01536nam a2200361 a 4500 |
| 001 |
7165 |
| 003 |
BD-DhAAL |
| 005 |
20151007092841.0 |
| 008 |
151007s1995 iluab b 001 0 eng |
| 010 |
|
|
|a 94017702
|
| 020 |
|
|
|a 9780070620155
|
| 020 |
|
|
|a 0070620156
|
| 020 |
|
|
|a 0256140642
|
| 040 |
|
|
|a DLC
|c DLC
|d DLC
|d BD-DhAAL
|
| 050 |
0 |
0 |
|a HF5718
|b .L63 1995
|
| 082 |
0 |
0 |
|a 651.7
|2 20
|
| 100 |
1 |
|
|a Locker, Kitty O.
|9 15174
|
| 245 |
1 |
0 |
|a Business and administrative communication /
|c Kitty O. Locker.
|
| 246 |
3 |
0 |
|a Communication
|
| 250 |
|
|
|a 3rd ed.
|
| 260 |
|
|
|a Chicago :
|a New Delhi :
|b Irwin,
|b Tata McGraw-Hill,
|c c1997.
|
| 300 |
|
|
|a xxi, 559 p. :
|b ill. (some col.), maps (some col.) ;
|c 24 cm.
|
| 504 |
|
|
|a Includes bibliographical references (p. 655-664) and indexes.
|
| 541 |
|
|
|e 7165
|
| 650 |
|
0 |
|a Business communication.
|9 15175
|
| 650 |
|
0 |
|a Communication in management.
|9 15176
|
| 650 |
|
7 |
|a Business communication
|2 fast
|9 15175
|
| 650 |
|
7 |
|a Communication in management
|2 fast
|9 15176
|
| 942 |
|
|
|2 ddc
|c BK
|
| 999 |
|
|
|c 35697
|d 35697
|
| 952 |
|
|
|0 0
|1 0
|2 ddc
|4 0
|6 651_700000000000000_LOC
|7 0
|9 56145
|a SCL
|b SCL
|c GEN
|d 2015-10-07
|g 480.00
|l 0
|o 651.7 LOC
|p 3020007165
|r 2015-10-07
|t 1
|w 2015-10-07
|y BK
|
| 952 |
|
|
|0 0
|1 0
|2 ddc
|4 0
|6 651_700000000000000_LOC
|7 0
|9 56146
|a SCL
|b SCL
|c GEN
|d 2015-10-07
|g 480.00
|l 2
|m 3
|o 651.7 LOC
|p 3020007164
|r 2023-10-31
|s 2023-10-11
|t 2
|w 2015-10-07
|y BK
|
| 952 |
|
|
|0 0
|1 0
|2 ddc
|4 0
|6 651_700000000000000_LOC
|7 0
|9 56147
|a SCL
|b SCL
|c GEN
|d 2015-10-07
|g 480.00
|l 1
|o 651.7 LOC
|p 3020007166
|r 2022-01-26
|s 2022-01-24
|t 3
|w 2015-10-07
|y BK
|